000 00656nam a2200193Ia 4500
008 210417s9999 xx 000 0 und d
020 _a9781781635773
020 _b1781635773
082 _a658.1552 CLA.1
082 _b22.658.1552 CLA
245 0 _aEncyclopaedia of strategic cost analysis for project managers and engineers
245 0 _cEncyclopaedia of strategic cost analysis for project managers and engineers
250 _b"3v. (viii, 249 p. ; viii, 233 p. ; viii,270 p. ) : ill. ; 20 cm., hbk."
260 _aNew Delhi
260 _b Koros Press
260 _c2014
700 _a"Clarke, Steffany"
700 _bedited by Steffany Clarke
999 _c485195
_d485195